Reforming the Soviet economy : equality versus efficiency /

Bibliographic Details
Main Author: Hewett, Edward A.
Format: Book
Language:English
Published: Washington, D.C. : Brookings Institution, [1988]
Subjects:

MARC

Tag First Indicator Second Indicator Subfields
LEADER 00000cam a2200000 a 4500
001 in00000013473
005 20151007052500.0
008 871016s1988 dcua b 00110 eng
010 |a  87029500  
020 |a 0815736045 :  |c $36.95 
020 |a 0815736037 (pbk.) :  |c $16.95 
035 |a (OCoLC)16983768 
035 |9 AAA7962AM 
040 |a DLC  |c DLC  |d TXA  |d UtOrBLW 
043 |a e-ur--- 
049 |a TXAM 
050 0 0 |a HC336.25  |b .H48 1988 
082 0 |a 338.947  |2 19 
100 1 |a Hewett, Edward A. 
245 1 0 |a Reforming the Soviet economy :  |b equality versus efficiency /  |c Ed A. Hewett. 
264 1 |a Washington, D.C. :  |b Brookings Institution,  |c [1988] 
264 4 |c ©1988 
300 |a xi, 404 pages :  |b illustrations ;  |c 24 cm. 
336 |a text  |b txt  |2 rdacontent 
337 |a unmediated  |b n  |2 rdamedia 
338 |a volume  |b nc  |2 rdacarrier 
504 |a Includes bibliographical references and index. 
536 |a From the library of Dr. James H. Copp, Febraury 2004. 
651 0 |a Soviet Union  |x Economic policy  |y 1981-1985. 
651 0 |a Soviet Union  |x Economic conditions  |y 1976- 
999 |a MARS 
999 f f |s a78d2618-9af4-3672-9b4c-285d338e6562  |i 0af8d74a-9f19-3068-b5f7-5d2491928ff5  |t 0 
952 f f |p ric  |a Texas A&M University  |b Rellis Campus  |c Joint Library Facility  |d Remote Storage  |t 0  |e HC336.25 .H48 1988  |h Library of Congress classification  |i unmediated -- volume  |m A14811463284 
952 f f |p ric  |a Texas A&M University  |b Rellis Campus  |c Joint Library Facility  |d Remote Storage  |t 0  |e HC336.25 .H48 1988  |h Library of Congress classification  |i unmediated -- volume  |m A14831937708 
952 f f |p ric  |a Texas A&M University  |b Rellis Campus  |c Joint Library Facility  |d Remote Storage  |t 0  |e HC336.25 .H48 1988  |h Library of Congress classification  |i unmediated -- volume  |m A14825062600 
998 f f |a HC336.25 .H48 1988  |t 0  |l Remote Storage 
998 f f |a HC336.25 .H48 1988  |t 0  |l Remote Storage 
998 f f |a HC336.25 .H48 1988  |t 0  |l Remote Storage